| 000 | 01021nam a2200289 i 4500 | ||
|---|---|---|---|
| 001 | 182687 | ||
| 003 | ES-MaACL | ||
| 005 | 20250924165303.0 | ||
| 008 | 131009s2012 sp | |||||||| | spa d | ||
| 020 | _a978-84-695-3540-0 | ||
| 080 | _a159.9 Jung, Carl. G. | ||
| 080 | _a821.112.2(436) Meyrink, Gustav 1.07 | ||
| 080 | _a159.964.2:82 | ||
| 100 | 1 |
_aMontiel, Luis, _d1953- _9130113 |
|
| 245 | 1 | 3 |
_aEl rizoma oculto de la psicología profunda, Gustav Meyrink y Carl Gustav Jung / _cLuis Montiel. |
| 260 |
_aMadrid : _bFrenia, _c2012. |
||
| 300 |
_a299 p. ; _c20 cm. |
||
| 490 | 1 | _aHistoria y crítica de la psiquiatría | |
| 504 | _aBibliografía: p. 295-299. | ||
| 600 | 1 | 4 |
_aJung, Carl G., _d1875-1961 _967282 |
| 600 | 0 | 4 |
_aMeyrink, Gustav. _980820 |
| 650 | 7 |
_aPsicoanálisis y literatura _2embne _916535 |
|
| 830 | 0 |
_aHistoria y crítica de la psiquiatría _9191825 |
|
| 852 |
_aES-MaACL _jA-12843 _9189604 _bR.149054 _cDEPO1 _dOlim: N-5843 |
||
| 942 |
_2udc _cMONOGRAFIA |
||
| 999 |
_c182687 _d182687 |
||